[Event "Politiken Cup 33rd"]
[Site "Helsingor"]
[Date "2011.08.07"]
[Round "10"]
[White "Stolberg Rohr, Thomine"]
[Black "Barane, Simon"]
[Result "1-0"]
[WhiteElo "1964"]
[BlackElo "1830"]
[PlyCount "45"]
[EventDate "2011.07.30"]
[EventType "swiss"]
[EventRounds "10"]
[EventCountry "DEN"]
[SourceTitle "CBM 143 Extra"]
[Source "ChessBase"]
[SourceDate "2011.08.29"]
[SourceVersion "1"]
[SourceVersionDate "2011.08.29"]
[SourceQuality "1"]

1. e4 c5 2. Nc3 Nc6 3. f4 g6 4. Nf3 Bg7 5. Bb5 Nd4 6. 0-0 a6 7. Bc4 e6 8. d3 b5 9. Bb3 Nxb3 10. axb3 Ne7 11. Qe1 Nc6 12. Be3 Qe7 13. Qf2 Bf8 14. e5 f5 15. exf6 Qxf6 16. Ne4 Qxb2 17. Bxc5 Qg7 18. Ne5 Nd8 19. Bd4 d6 20. Ng4 e5 21. Ngf6+ Ke7 22. fxe5 dxe5 23. Bc5+ 1-0

[Event "Politiken Cup 33rd"]
[Site "Helsingor"]
[Date "2011.08.06"]
[Round "9"]
[White "Barane, Simon"]
[Black "Skjoldager, Mikael"]
[Result "1/2-1/2"]
[WhiteElo "1830"]
[BlackElo "1998"]
[PlyCount "63"]
[EventDate "2011.07.30"]
[EventType "swiss"]
[EventRounds "10"]
[EventCountry "DEN"]
[SourceTitle "CBM 143 Extra"]
[Source "ChessBase"]
[SourceDate "2011.08.29"]
[SourceVersion "1"]
[SourceVersionDate "2011.08.29"]
[SourceQuality "1"]

1. e4 e5 2. Nf3 Nc6 3. Nc3 Nf6 4. a3 Be7 5. d4 exd4 6. Nxd4 0-0 7. Nxc6 dxc6 8. Bg5 h6 9. Bh4 Re8 10. Qxd8 Bxd8 11. 0-0-0 Be6 12. f3 Be7 13. Bg3 Rac8 14. Ne2 Nh5 15. Bf4 Nxf4 16. Nxf4 Bg5 17. g3 h5 18. h4 Bh6 19. Kb1 Bxf4 20. gxf4 g6 21. Rh2 Rcd8 22. Rhd2 Rxd2 23. Rxd2 Kf8 24. Kc1 Ke7 25. Bd3 Bc8 26. Kd1 Bd7 27. Ke2 Rg8 28. Ke3 c5 29. b3 b6 30. Rg2 f6 31. Bc4 Rg7 32. Bd3 1/2-1/2

[Event "Politiken Cup 33rd"]
[Site "Helsingor"]
[Date "2011.07.30"]
[Round "1"]
[White "Barane, Simon"]
[Black "Rehn, Ralf"]
[Result "0-1"]
[WhiteElo "1830"]
[BlackElo "2237"]
[PlyCount "58"]
[EventDate "2011.07.30"]
[EventType "swiss"]
[EventRounds "10"]
[EventCountry "DEN"]
[SourceTitle "CBM 143 Extra"]
[Source "ChessBase"]
[SourceDate "2011.08.29"]
[SourceVersion "1"]
[SourceVersionDate "2011.08.29"]
[SourceQuality "1"]

1. e4 d6 2. d4 Nf6 3. Nc3 g6 4. f3 Bg7 5. Be3 Nc6 6. Qd2 e5 7. d5 Ne7 8. 0-0-0 a6 9. h4 h5 10. Nh3 b5 11. Nf2 Bd7 12. Bd3 b4 13. Ne2 Qb8 14. f4 exf4 15. Bxf4 Ng4 16. Nxg4 Bxg4 17. Rdf1 Qb6 18. Bg5 Ng8 19. Be3 Qa5 20. Bc4 Bxe2 21. Qxe2 Nh6 22. Qd2 Ng4 23. Kb1 Bxb2 24. Bd3 Nxe3 25. Qxe3 Be5 26. Rf3 0-0 27. Rhf1 Qa3 28. Qc1 Qc3 29. Be2 Qa1# 0-1

[Event "Fagernes Norsk op-A"]
[Site "Fagernes"]
[Date "2011.04.17"]
[Round "2"]
[White "Arndt, Uwe"]
[Black "Barane, Simon"]
[Result "1-0"]
[WhiteElo "2021"]
[BlackElo "1823"]
[PlyCount "71"]
[EventDate "2011.04.17"]
[EventType "swiss"]
[EventRounds "9"]
[EventCountry "NOR"]
[SourceTitle "CBM 141 Extra"]
[Source "ChessBase"]
[SourceDate "2011.05.03"]
[SourceVersion "1"]
[SourceVersionDate "2011.05.03"]
[SourceQuality "1"]

1. d4 Nf6 2. c4 e5 3. dxe5 Ng4 4. Bf4 g5 5. Bg3 Nc6 6. Nf3 Bg7 7. Nc3 Ngxe5 8. Nxe5 Nxe5 9. e3 d6 10. Qc2 Be6 11. Be2 Qe7 12. b3 Nc6 13. Rc1 0-0-0 14. 0-0 h5 15. h3 Be5 16. Nd5 Qf8 17. Bxe5 Nxe5 18. f4 gxf4 19. exf4 Nc6 20. f5 Nd4 21. fxe6 Nxc2 22. e7 Nd4 23. exf8Q Nxe2+ 24. Kf2 Nxc1 25. Qe7 Nd3+ 26. Kg1 Rd7 27. Qe3 Nc5 28. b4 Na6 29. Qxa7 Rh6 30. Nf6 Rd8 31. Qe3 Rg6 32. a3 Nb8 33. Nxh5 Rdg8 34. Nf4 Rg3 35. Rf3 R3g5 36. Qe7 1-0

[Event "Fagernes Norsk op-A"]
[Site "Fagernes"]
[Date "2011.04.17"]
[Round "3"]
[White "Grundekjon, Christian S"]
[Black "Barane, Simon"]
[Result "0-1"]
[WhiteElo "2018"]
[BlackElo "1823"]
[PlyCount "70"]
[EventDate "2011.04.17"]
[EventType "swiss"]
[EventRounds "9"]
[EventCountry "NOR"]
[SourceTitle "CBM 141 Extra"]
[Source "ChessBase"]
[SourceDate "2011.05.03"]
[SourceVersion "1"]
[SourceVersionDate "2011.05.03"]
[SourceQuality "1"]

1. c4 Nf6 2. Nf3 e6 3. b3 d5 4. Bb2 c5 5. g3 b6 6. Bg2 Bb7 7. Ne5 Nbd7 8. 0-0 Nxe5 9. Bxe5 Bd6 10. Bb2 Qe7 11. cxd5 Bxd5 12. e4 Nxe4 13. Re1 Qb7 14. Qg4 Ng5 15. Bxd5 Qxd5 16. Re3 h5 17. Qa4+ Kf8 18. Nc3 Nh3+ 19. Kf1 Qf5 20. Ne4 Be7 21. f3 Ng5 22. Ke2 Nxe4 23. fxe4 Qh3 24. Rf1 Rh6 25. Qd7 Rd8 26. Bxg7+ Kxg7 27. Qxe7 Qxh2+ 28. Rf2 Rxd2+ 29. Kxd2 Qxf2+ 30. Re2 Qd4+ 31. Kc2 Rg6 32. Qb7 Qe5 33. Qe7 Rxg3 34. Rf2 Qxe4+ 35. Kd2 Qe3+ 0-1

[Event "Politiken Cup 32nd"]
[Site "Copenhagen"]
[Date "2010.07.31"]
[Round "1"]
[White "Rosenkilde, Alexander"]
[Black "Barane, Simon"]
[Result "1-0"]
[WhiteElo "2204"]
[BlackElo "1808"]
[PlyCount "63"]
[EventDate "2010.07.31"]
[EventType "swiss"]
[EventRounds "10"]
[EventCountry "DEN"]
[SourceTitle "CBM 137 Extra"]
[Source "ChessBase"]
[SourceDate "2010.09.01"]
[SourceVersion "1"]
[SourceVersionDate "2010.09.01"]
[SourceQuality "1"]

1. d4 d5 2. c4 c6 3. Nf3 Nf6 4. e3 e6 5. b3 Nbd7 6. Bd3 dxc4 7. bxc4 c5 8. 0-0 b6 9. Nc3 Bb7 10. Qe2 Be7 11. Rd1 0-0 12. Bb2 Bc6 13. d5 exd5 14. cxd5 Bb7 15. e4 h6 16. e5 Nxd5 17. Nxd5 Bxd5 18. Bf5 Be6 19. Bxe6 fxe6 20. Qb5 Qe8 21. Qxd7 Qf7 22. Qb7 Rfb8 23. Qe4 g5 24. Rd7 h5 25. Rad1 Rf8 26. h3 Kh8 27. Nxg5 Qxf2+ 28. Kh1 Rf5 29. Qxa8+ Bf8 30. Nxe6 Qxb2 31. Nxf8 Rg5 32. Ng6# 1-0

[Event "Politiken Cup 31st"]
[Site "Helsingor"]
[Date "2009.07.25"]
[Round "9"]
[White "Barane, Simon"]
[Black "Bruun, Henrik Emil"]
[Result "0-1"]
[WhiteElo "1854"]
[BlackElo "2093"]
[PlyCount "100"]
[EventDate "2009.07.18"]
[EventType "swiss"]
[EventRounds "10"]
[EventCountry "DEN"]
[SourceTitle "CBM 131 Extra"]
[Source "ChessBase"]
[SourceDate "2009.09.03"]
[SourceVersion "2"]
[SourceVersionDate "2009.09.16"]
[SourceQuality "1"]

1. e4 e5 2. Nf3 Nc6 3. Bc4 Nf6 4. Ng5 Nxe4 5. Bxf7+ Ke7 6. Nxe4 Kxf7 7. d3 Be7 8. Nbc3 Rf8 9. Nd5 Kg8 10. Nxe7+ Qxe7 11. Be3 d6 12. c3 Be6 13. f3 h6 14. Qd2 b6 15. c4 d5 16. cxd5 Bxd5 17. 0-0 Rad8 18. Qc3 Nb4 19. a3 Nc6 20. b4 Rd7 21. Rfd1 Rfd8 22. Rd2 Kh7 23. Rad1 Bxe4 24. dxe4 Rxd2 25. Rxd2 Rxd2 26. Qxd2 Qd6 27. Qc1 Nd4 28. Bxd4 Qxd4+ 29. Kf1 c5 30. bxc5 bxc5 31. Ke2 c4 32. Qc2 Qg1 33. Qxc4 Qxg2+ 34. Ke3 Qxh2 35. Qf7 Qg1+ 36. Ke2 Qg2+ 37. Ke3 Qg5+ 38. Ke2 a6 39. Qb7 Qf6 40. a4 Qe6 41. Qb4 h5 42. a5 h4 43. Qb6 Qc4+ 44. Kf2 Qd4+ 45. Kg2 Qd2+ 46. Kh3 Qe1 47. Kg4 Qg3+ 48. Kf5 h3 49. Qxa6 Qf4+ 50. Ke6 Qf6+ 0-1

[Event "Politiken Cup 31st"]
[Site "Helsingor"]
[Date "2009.07.21"]
[Round "5"]
[White "Barane, Simon"]
[Black "Hein, Jacob"]
[Result "1-0"]
[WhiteElo "1854"]
[BlackElo "1593"]
[PlyCount "39"]
[EventDate "2009.07.18"]
[EventType "swiss"]
[EventRounds "10"]
[EventCountry "DEN"]
[SourceTitle "CBM 131 Extra"]
[Source "ChessBase"]
[SourceDate "2009.09.03"]
[SourceVersion "2"]
[SourceVersionDate "2009.09.16"]
[SourceQuality "1"]

1. e4 e5 2. Nf3 Nc6 3. Bc4 Bc5 4. b4 Nxb4 5. c3 Nc6 6. d4 exd4 7. 0-0 dxc3 8. Bxf7+ Kxf7 9. Qd5+ Ke8 10. Qxc5 d6 11. Qxc3 Qe7 12. Bb2 Nf6 13. Nbd2 Kd8 14. Rfe1 Bg4 15. Rad1 Nd7 16. Rc1 Re8 17. Nd4 Rb8 18. Nxc6+ bxc6 19. Qxc6 Rxb2 20. Qxc7# 1-0

[Event "Politiken Cup 31st"]
[Site "Helsingor"]
[Date "2009.07.18"]
[Round "1"]
[White "Barane, Simon"]
[Black "Jorgensen, Dennis"]
[Result "0-1"]
[WhiteElo "1854"]
[BlackElo "2207"]
[PlyCount "64"]
[EventDate "2009.07.18"]
[EventType "swiss"]
[EventRounds "10"]
[EventCountry "DEN"]
[SourceTitle "CBM 131 Extra"]
[Source "ChessBase"]
[SourceDate "2009.09.03"]
[SourceVersion "2"]
[SourceVersionDate "2009.09.16"]
[SourceQuality "1"]

1. e4 c6 2. d4 d5 3. Nc3 dxe4 4. f3 exf3 5. Nxf3 Bg4 6. Bc4 e6 7. 0-0 Nf6 8. Bg5 Be7 9. Kh1 0-0 10. Qe1 Nbd7 11. h3 Bf5 12. Qh4 h6 13. Bxh6 gxh6 14. Qxh6 Nd5 15. Nxd5 cxd5 16. Bd3 Bxd3 17. cxd3 Bf6 18. Rae1 Bg7 19. Qh5 Nf6 20. Qh4 Nh7 21. Qh5 Rc8 22. g4 Rc2 23. g5 Rxb2 24. Rg1 Qc7 25. Rg4 Rc8 26. Rh4 Nf8 27. Ne5 Bxe5 28. dxe5 Qxe5 29. Re2 Rc1+ 30. Kg2 Rxe2+ 31. Kf3 Qe3+ 32. Kg4 Rg1# 0-1

[Event "NOR-chB"]
[Site "Moss"]
[Date "2006.07.11"]
[Round "5"]
[White "Barane, Simon"]
[Black "Lange, David"]
[Result "0-1"]
[WhiteElo "852"]
[BlackElo "1050"]
[PlyCount "206"]
[EventDate "2006.07.08"]
[EventType "swiss"]
[EventRounds "9"]
[EventCountry "NOR"]
[SourceTitle "EXT 2007"]
[Source "ChessBase"]
[SourceDate "2006.11.23"]
[SourceVersion "1"]
[SourceVersionDate "2006.11.23"]
[SourceQuality "1"]

1. e4 e5 2. Nf3 Nc6 3. Bc4 Bc5 4. Nc3 Nf6 5. d3 0-0 6. 0-0 h6 7. Bd2 d6 8. h3 Qe7 9. a3 a6 10. Nd5 Nxd5 11. Bxd5 Bd7 12. b4 Bb6 13. c3 Qf6 14. Qe2 Rab8 15. Be3 Bxe3 16. Qxe3 Ne7 17. Bb3 Ng6 18. Ne1 Nf4 19. Kh1 Qh4 20. Kh2 Kh8 21. Ra2 f5 22. Qg3 Qh5 23. Qf3 Qxf3 24. gxf3 fxe4 25. fxe4 Nxh3 26. f3 Ng5 27. Raf2 Rf6 28. Bd1 Rbf8 29. Kg3 Rg6 30. Kh2 Nh3 31. Ra2 Nf4 32. Raf2 Rg5 33. Kh1 Bh3 34. Rg1 Rxg1+ 35. Kxg1 Bg4 36. Kh2 Bd7 37. c4 Rf6 38. a4 b6 39. b5 a5 40. Be2 h5 41. Bf1 g5 42. Bg2 Ne6 43. Ra2 Nc5 44. Ra3 g4 45. Kg3 Kg7 46. Bh1 Kg6 47. Bg2 Kg5 48. fxg4 Bxg4 49. Bf3 h4+ 50. Kg2 Bxf3+ 51. Nxf3+ Kg4 52. Nh2+ Kf4 53. Kh3 Rh6 54. Nf1 Kf3 55. d4+ Kf2 56. dxc5 Kxf1 57. cxb6 cxb6 58. Rd3 Ke2 59. Ra3 Rf6 60. Kxh4 Rf4+ 61. Kg3 Rxe4 62. Ra2+ Ke3 63. Rh2 Rxc4 64. Rh6 Rd4 65. Re6 Kd3 66. Kf2 Kc4 67. Re8 Kb4 68. Rb8 Kxa4 69. Rxb6 Kb4 70. Rb8 Kc5 71. b6 Kc6 72. b7 Kc7 73. Ra8 Kxb7 74. Rxa5 Kb6 75. Ra8 Kc5 76. Ke3 d5 77. Re8 Kd6 78. Rh8 Ke7 79. Rh7+ Kf6 80. Rh6+ Kg5 81. Re6 Kf5 82. Re8 Ra4 83. Rd8 Ra3+ 84. Kd2 d4 85. Rf8+ Ke4 86. Rh8 Ra2+ 87. Kd1 Kd3 88. Rh3+ Kc4 89. Rh4 Kc3 90. Rh8 d3 91. Rc8+ Kd4 92. Rd8+ Ke3 93. Kc1 Ke2 94. Re8 Rc2+ 95. Kb1 Rc5 96. Rh8 d2 97. Rh2+ Kd3 98. Rh3+ Kd4 99. Rh4+ e4 100. Rh1 Rc1+ 101. Rxc1 dxc1Q+ 102. Kxc1 Ke3 103. Kd1 Kf2 0-1